Gross substitutability and the weak axiom of revealed preference.
Analýza vzťahov medzi hrubou substituovateľnosťou a slabou axiómou odhalenej preferencie vo funkciách prebytku dopytu. Axióma vyplýva zo substituovateľnosti ak je počet tovarov menej ako 4. Pre počet väčší alebo rovný 4 jestvujú robustné protipríklady, ktoré sa však vyskytujú veľmi zriedkavo.
Gespeichert in:
| 1. Verfasser: | |
|---|---|
| Format: | Buchkapitel |
| Sprache: | Englisch |
| Schlagworte: | |
| Tags: |
Keine Tags, Fügen Sie das erste Tag hinzu!
|
MARC
| LEADER | 00000naa a2200000 4500 | ||
|---|---|---|---|
| 001 | r008275 | ||
| 005 | 20221130113046.0 | ||
| 041 | 0 | |a eng | |
| 044 | |a NL | ||
| 245 | 1 | 0 | |a Gross substitutability and the weak axiom of revealed preference. |c T.J. Kehoe |
| 520 | |a Analýza vzťahov medzi hrubou substituovateľnosťou a slabou axiómou odhalenej preferencie vo funkciách prebytku dopytu. Axióma vyplýva zo substituovateľnosti ak je počet tovarov menej ako 4. Pre počet väčší alebo rovný 4 jestvujú robustné protipríklady, ktoré sa však vyskytujú veľmi zriedkavo. | ||
| 610 | 2 | 0 | |a ekonómia matematická |
| 610 | 2 | 0 | |a metódy ekonomicko-matematické |
| 610 | 2 | 0 | |a funkcie dopytové |
| 610 | 2 | 0 | |a metóda Monte Carlo |
| 610 | 2 | 0 | |a matice |
| 100 | 1 | |a Kehoe, T.J. | |